All Cities on a Map by Letter - R - Statistics

General Stats
  • This quiz has been taken 10 times
  • The average score is 70 of 1526
Answers on the Map
Answers color-coded by a green-red scale on the quiz's map according to % correct below.
 
Answer Stats
Country City population City % Correct
Italy 50299 Rho
100%
Morocco 25992 Rich
83%
United States 1081248 Richmond
83%
Canada 209937 Richmond
83%
United States 115396 Richmond
83%
United States 35551 Richmond
83%
United States 35498 Richmond
83%
United Kingdom 21469 Richmond
83%
New Zealand 15000 Richmond
83%
United States 12117 Richmond
83%
Australia 5418 Richmond
83%
Australia 459 Richmond
83%
Brazil 12592000 Rio de Janeiro
83%
Switzerland 10857 Risch
83%
Spain 109930 Reus
67%
Ethiopia 44382 Robē
67%
Italy 2748109 Rome
67%
United States 37754 Rome
67%
United States 31795 Rome
67%
India 23311 Ron
67%
Austria 9337 Rum
67%
Indonesia 106101 Raba
50%
Morocco 572717 Rabat
50%
Malta 11497 Rabat
50%
Israel 26641 Rama
50%
Italy 155751 Ravenna
50%
United States 11286 Ravenna
50%
Philippines 38678 Real
50%
Brazil 1488920 Recife
50%
United States 454814 Reno
50%
Iceland 139875 Reykjavík
50%
Latvia 605273 Riga
50%
India 29974 Riga
50%
South Africa 9355 Robertson
50%
United States 11543 Roma
50%
Australia 6522 Roma
50%
Italy 14632 Rosà
50%
Argentina 1276000 Rosario
50%
Philippines 128352 Rosario
50%
Philippines 110807 Rosario
50%
Philippines 60278 Rosario
50%
Philippines 49610 Rosario
50%
Philippines 10949 Rosario
50%
Uruguay 10085 Rosario
50%
Brazil 38475 Rosário
50%
Netherlands 664311 Rotterdam
50%
United States 30489 Rotterdam
50%
France 116331 Rouen
50%
Finland 23797 Raahe
33%
Indonesia 69980 Raha
33%
Germany 15859 Rahden
33%
India 8745 Rahta
33%
Czechia 14453 Ráj
33%
United States 1150010 Raleigh
33%
India 9311 Ralla
33%
Finland 38832 Rauma
33%
Iran 10286 Rāyen
33%
United Kingdom 32248 Rayleigh
33%
Mexico 8590 Rayón
33%
United Kingdom 337108 Reading
33%
United States 280030 Reading
33%
United States 25448 Reading
33%
United States 10490 Reading
33%
United States 120849 Redding
33%
Germany 11009 Regen
33%
Romania 29742 Reghin
33%
United Kingdom 25149 Rhyl
33%
Croatia 107964 Rijeka
33%
Saudi Arabia 7237000 Riyadh
33%
United States 694707 Rochester
33%
United States 123252 Rochester
33%
United Kingdom 62982 Rochester
33%
United States 32866 Rochester
33%
United States 12939 Rochester
33%
United States 54175 Rocky Mount
33%
Brazil 9097 Rondon
33%
Brazil 150227 Rondonópolis
33%
United States 39467 Rosenberg
33%
Germany 210795 Rostock
33%
Russia 1135968 Rostov
33%
Russia 27298 Rostov
33%
Germany 25405 Roth
33%
United Kingdom 109691 Rotherham
33%
Netherlands 12455 Rozenburg
33%
Spain 81532 Rubí
33%
Bulgaria 140537 Ruse
33%
Slovenia 4206 Ruše
33%
Canada 19598 Russell
33%
United States 18748 Rutherford
33%
Australia 11884 Rutherford
33%
United States 48783 Rye
33%
Serbia 11475 Rača
17%
Slovenia 2693 Rače
17%
United States 135512 Racine
17%
Yemen 45233 Radā‘
17%
Tunisia 72209 Radès
17%
Poland 201601 Radom
17%
India 16016 Rāhon
17%
India 8698 Raia
17%
Germany 9472 Rain
17%
India 1010087 Raipur
17%
India 12157 Raipur
17%
India 9122 Raipur
17%
Finland 25331 Raisio
17%
India 14248 Rāje
17%
Korea, North 196954 Rajin
17%
India 28498 Rajpur
17%
India 23645 Rajpur
17%
India 13334 Rājpur
17%
Portugal 15770 Ramada
17%
Philippines 24406 Ramain
17%
Argentina 11428 Ramallo
17%
India 25807 Rāman
17%
Canada 9488 Ramara
17%
Israel 159200 Ramat Gan
17%
Madagascar 11521 Ramena
17%
Israel 75500 Ramla
17%
Philippines 56523 Ramon
17%
United States 22829 Ramona
17%
Philippines 22879 Ramos
17%
Kenya 143850 Ramu
17%
India 14007 Rānāpur
17%
United States 174693 Rancho Cucamonga
17%
Denmark 64057 Randers
17%
United States 34683 Randolph
17%
United States 26460 Randolph
17%
India 26389 Rangia
17%
India 37763 Rāni
17%
India 198194 Rānī
17%
India 25123 Rānia
17%
India 10587 Rānko
17%
India 11212 Rānti
17%
India 253137 Rāpar
17%
United States 12059 Rapho
17%
United States 90421 Rapid City
17%
Finland 27209 Raseborg
17%
Serbia 24680 Raška
17%
India 15259 Rātan
17%
India 37152 Ratia
17%
India 21196 Rātu
17%
India 11515 Raun
17%
India 9525 Raun
17%
Iran 22729 Rāvar
17%
India 27039 Rāver
17%
Pakistan 2098231 Rawalpindi
17%
United States 10837 Raymond
17%
Thailand 64256 Rayong
17%
Bulgaria 32391 Razgrad
17%
Italy 9399 Recco
17%
Germany 11410 Recke
17%
Poland 28506 Reda
17%
United States 30426 Redan
17%
Canada 100844 Red Deer
17%
France 9336 Redon
17%
Germany 159465 Regensburg
17%
Germany 16630 Regenstauf
17%
France 178478 Reims
17%
Germany 112970 Remscheid
17%
Italy 36434 Rende
17%
Germany 30545 Rendsburg
17%
India 22500 Reni
17%
Ukraine 17736 Reni
17%
France 227830 Rennes
17%
United States 105279 Renton
17%
Burkina Faso 33893 Réo
17%
Russia 87300 Reutov
17%
Bolivia 8824 Reyes
17%
France 43349 Rezé
17%
Germany 18495 Rhaude
17%
Germany 19837 Rhede
17%
Netherlands 43525 Rheden
17%
Germany 78220 Rheine
17%
United Kingdom 69506 Rhondda
17%
South Africa 57387 Richards Bay
17%
United States 36725 Richfield
17%
United States 11806 Richfield
17%
United States 12506 Ridge
17%
Germany 29127 Riesa
17%
Finland 28483 Riihimäki
17%
Italy 149211 Rimini
17%
Argentina 200000 Río Cuarto
17%
Costa Rica 11074 Río Cuarto
17%
Peru 22197 Rioja
17%
United States 106533 Rio Rancho
17%
United Kingdom 20633 Ripley
17%
Costa Rica 24041 Rita
17%
Japan 69598 Rittō
17%
United States 14866 Riverdale
17%
United States 10515 Riverdale
17%
United States 9294 Riverdale
17%
United States 16349 River Falls
17%
United States 2288508 Riverside
17%
United States 24432 Riverside
17%
United States 9216 Riverside
17%
United States 9079 Riverside
17%
United States 44944 Riverton
17%
United States 10803 Riverton
17%
Ukraine 243873 Rivne
17%
Turkey 119828 Rize
17%
China 2801013 Rizhao
17%
United States 214019 Roanoke
17%
United States 9947 Roanoke
17%
United States 15453 Robinson
17%
United States 12668 Robinson
17%
United Kingdom 110194 Rochdale
17%
United States 274256 Rockford
17%
Australia 63151 Rockhampton
17%
United States 244403 Rock Hill
17%
United States 9094 Rockingham
17%
United States 36758 Rock Island
17%
United States 10449 Rockport
17%
India 11784 Roda
17%
Germany 13224 Roding
17%
India 14467 Roh
17%
United States 20144 Rolla
17%
India 11020 Rolla
17%
Romania 48644 Roman
17%
Spain 33451 Ronda
17%
Philippines 21005 Ronda
17%
China 1189813 Rongcheng
17%
China 1120822 Rongcheng
17%
China 69143 Rongcheng
17%
Denmark 13798 Rønne
17%
Belgium 26702 Ronse
17%
Germany 65192 Rosenheim
17%
Denmark 52580 Roskilde
17%
United States 33090 Ross
17%
Spain 29552 Rota
17%
New Zealand 54204 Rotorua
17%
Germany 25548 Rottweil
17%
France 99507 Roubaix
17%
Finland 65329 Rovaniemi
17%
Italy 49985 Rovigo
17%
Croatia 12968 Rovinj
17%
United States 39021 Roy
17%
Venezuela 87249 Rubio
17%
Poland 133793 Ruda Śląska
17%
China 1424667 Rui’an
17%
Serbia 54339 Ruma
17%
Ireland 10875 Rush
17%
Germany 67277 Rüsselsheim
17%
Italy 12190 Russi
17%
Spain 9765 Rute
17%
Switzerland 12170 Rüti
17%
Russia 171810 Rybinsk
17%
Japan 76055 Ryūgasaki
17%
Netherlands 37911 Raalte
0%
Netherlands 12470 Raamsdonksveer
0%
Israel 74000 Ra‘ananna
0%
Sudan 167000 Rabak
0%
Papua New Guinea 7024 Rabaul
0%
Guatemala 45000 Rabinal
0%
Portugal 8801 Rabo de Peixe
0%
Iran 13263 Rābor
0%
Tajikistan 13053 Rabot
0%
Algeria 10529 Rabta
0%
Italy 10743 Racale
0%
Italy 9634 Racconigi
0%
United States 10517 Raceland
0%
Poland 51257 Racibórz
0%
Hungary 11080 Ráckeve
0%
Argentina 9098 Rada Tilly
0%
Romania 24292 Rădăuţi
0%
United States 22967 Radcliff
0%
United Kingdom 29950 Radcliffe
0%
Germany 18824 Radeberg
0%
Germany 33804 Radebeul
0%
Slovenia 1993 Radeče
0%
Ukraine 9680 Radekhiv
0%
Slovenia 2171 Radenci
0%
Germany 22159 Radevormwald
0%
United States 16505 Radford
0%
India 55076 Rādhanpur
0%
United Kingdom 10060 Radlett
0%
Slovenia 2856 Radlje ob Dravi
0%
Bulgaria 11504 Radnevo
0%
United States 33466 Radnor
0%
Germany 32575 Radolfzell am Bodensee
0%
Bulgaria 12975 Radomir
0%
Poland 44441 Radomsko
0%
Ukraine 13685 Radomyshl
0%
North Macedonia 14460 Radoviš
0%
Slovenia 5981 Radovljica
0%
Russia 43577 Raduzhnyy
0%
Lithuania 15112 Radviliškis
0%
Ukraine 10427 Radyvyliv
0%
Poland 16253 Radzionków Nowy
0%
Poland 14314 Radzymin
0%
Poland 14806 Radzyń Podlaski
0%
India 191316 Rāe Bareli
0%
Belgium 10707 Raeren
0%
Germany 11859 Raesfeld
0%
Gaza Strip 171899 Rafaḩ
0%
Egypt 80823 Rafaḩ
0%
Saudi Arabia 84536 Rafḩā
0%
Argentina 92945 Rafaela
0%
Argentina 56419 Rafael Calzada
0%
Argentina 147965 Rafael Castillo
0%
Mexico 23112 Rafael Delgado
0%
Central African Republic 14000 Rafaï
0%
Brazil 9004 Rafard
0%
Spain 9710 Rafelbuñol
0%
Italy 12008 Raffadali
0%
India 35536 Rafiganj
0%
Greece 14620 Rafína
0%
Iran 161909 Rafsanjān
0%
India 8723 Rāgampet
0%
Philippines 29928 Ragan Sur
0%
Philippines 59770 Ragay
0%
India 62163 Rāghogarh
0%
India 29149 Rāghopur
0%
India 24838 Rāghopur
0%
India 12149 Rāghopur
0%
India 14165 Raghudebbati
0%
India 25561 Raghunāthpur
0%
India 17600 Raghunāthpur
0%
India 17596 Raghunāthpur
0%
India 13271 Raghunāthpur
0%
India 10574 Raghunāthpur
0%
India 10372 Raghunāthpur
0%
India 10107 Raghunāthpur
0%
Italy 73159 Ragusa
0%
Belarus 31821 Rahachow
0%
Bangladesh 58624 Raharpur
0%
Israel 64462 Rahat
0%
India 19024 Rahata
0%
India 31537 Rāhatgarh
0%
Indonesia 69980 Raha Tiga
0%
India 11227 Rahiār Kunchi
0%
India 12844 Rahika
0%
India 30089 Rahīmpur
0%
Pakistan 420419 Rahimyar Khan
0%
Kosovo 56208 Rahovec
0%
India 13545 Rahui
0%
India 54325 Rāhuri
0%
United States 29748 Rahway
0%
India 11411 Rāibāri Mahuawa
0%
India 10230 Raibhīr
0%
India 234073 Rāichūr
0%
India 183612 Rāiganj
0%
India 15985 Rāiganj Bāzār
0%
India 135363 Raigarh
0%
India 16404 Rāikal
0%
India 28734 Rāikot
0%
United States 10213 Rainbow City
0%
United Kingdom 34088 Rainham
0%
United Kingdom 10853 Rainhill
0%
India 8618 Rāiparthi
0%
India 20238 Rāipura
0%
India 9238 Raipur Buzurg
0%
India 18117 Raisāri
0%
India 44162 Raisen
0%
India 37000 Rāisinghnagar
0%
France 12140 Raismes
0%
India 19158 Raita
0%
India 9441 Raitar
0%
India 17204 Raiyam
0%
India 341831 Rājahmundry
0%
India 25091 Rajākheri
0%
India 44385 Rājaldesar
0%
India 10722 Rājānagaram
0%
India 41552 Rajaori
0%
India 21644 Rāja Pākar
0%
India 130000 Rājapālaiyam
0%
India 9267 Rājapūdi
0%
India 15632 Rājāpur
0%
India 10499 Rājāpur
0%
India 10499 Rājāpur
0%
India 11750 Rājāram
0%
India 14003 Rājāsūr
0%
India 19534 Rajaudha
0%
India 21846 Rajauli
0%
India 16479 Rājbalhāi
0%
India 9183 Rājepur
0%
Nepal 15354 Rājgaḍh
0%
India 59193 Rājgarh
0%
India 45726 Rājgarh
0%
India 40000 Rājgarh
0%
India 26631 Rājgarh
0%
India 10827 Rājghāt Garail
0%
India 41587 Rājgīr
0%
India 25146 Rājgurunagar
0%
India 8627 Rājhanpur
0%
India 14090 Rājim
0%
India 2043000 Rājkot
0%
India 17974 Rājmahal
0%
India 16432 Rājnagar
0%
India 13965 Rājnagar
0%
India 15050 Rajni
0%
India 8995 Rājod
0%
India 112193 Rājpura
0%
India 10486 Rājpur Kalān
0%
India 67798 Rājsamand
0%
Bangladesh 448087 Rājshāhi
0%
India 80393 Rājula
0%
India 13106 Rājupālem
0%
Uganda 8500 Rakai
0%
Ukraine 15536 Rakhiv
0%
India 9996 Rakhwāri
0%
Bulgaria 16444 Rakitovo
0%
Czechia 15739 Rakovník
0%
Bulgaria 25326 Rakovski
0%
India 11125 Raksaha
0%
Estonia 15516 Rakvere
0%
India 10962 Rāmabhadrapuram
0%
Lesotho 12234 Ramabitsa
0%
Italy 10211 Ramacca
0%
India 43657 Rāmachandrapuram
0%
India 12000 Rāmachandrapuram
0%
India 16965 Rāmachandrapuran
0%
India 90774 Rāmagiri Udayagiri
0%
Madagascar 15000 Ramainandro
0%
West Bank 38998 Ramallah
0%
India 9999 Rāmamangalam
0%
India 61440 Rāmanāthapuram
0%
India 11082 Rāmanāyakkanpālaiyam
0%
India 28369 Rāmanayyapeta
0%
India 22553 Rāman Mandi
0%
India 10202 Rāmannapeta
0%
India 21937 Rāmantali
0%
India 8921 Rāmapattanam
0%
United States 150225 Ramapo
0%
India 10647 Rāmāreddi
0%
Israel 46700 Ramat HaSharon
0%
India 16899 Rāmāyampet
0%
India 9200 Rāmāyipatti
0%
India 14145 Rambha
0%
India 10880 Rāmbilli
0%
France 27145 Rambouillet
0%
India 10866 Rāmchandarpur
0%
India 19452 Rāmchandrapur
0%
India 10312 Rāmchandrapur
0%
India 9402 Ramdeora
0%
India 24595 Rāmdiri
0%
India 39841 Rāmdurg
0%
Nepal 15000 Rāmechhāp
0%
India 44856 Rāmeswaram
0%
India 16079 Rāmewādi
0%
India 41328 Rāmganj Mandi
0%
India 8824 Rāmgarh
0%
India 8939 Rāmgarha
0%
India 242979 Rāmgundam
0%
Iran 74285 Rāmhormoz
0%
Colombia 10015 Ramiriquí
0%
India 19611 Rāmjībanpur
0%
India 9399 Rāmkali
0%
India 17053 Ramnagar
0%
India 249102 Rāmnagar
0%
India 97916 Rāmnagar
0%
India 49142 Rāmnagar
0%
India 16152 Rāmnagar
0%
India 8944 Rāmnagar
0%
India 9774 Rāmnagar Bankat
0%
India 20374 Rāmnagar Farsāhi
0%
Romania 29774 Râmnicu Sărat
0%
Romania 93151 Râmnicu Vâlcea
0%
Philippines 27280 Ramon Magsaysay
0%
Dominican Republic 8901 Ramón Santana
0%
France 15172 Ramonville-Saint-Agne
0%
Mexico 66554 Ramos Arizpe
0%
Argentina 120346 Ramos Mejía
0%
Botswana 27760 Ramotswa
0%
India 8763 Rāmpatti
0%
India 8514 Rāmpatti
0%
India 325248 Rāmpur
0%
India 25972 Rāmpur
0%
India 18274 Rāmpur
0%
India 18114 Rāmpur
0%
India 9723 Rāmpur
0%
India 9612 Rāmpur
0%
India 9261 Rāmpur
0%
India 23439 Rāmpura
0%
India 9703 Rāmpura
0%
India 57833 Rāmpur Hat
0%
India 16856 Rāmpur Jalālpur
0%
India 10825 Rāmpur Kalān
0%
India 9024 Rāmpur Khajuriyā
0%
India 12080 Rāmpur Kudarkatti
0%
India 9510 Rāmpur Parhat
0%
India 9531 Rāmpur Rajwa
0%
India 12937 Rāmpur Shāmchand
0%
India 17977 Rāmpur Tilak
0%
India 12788 Rāmpurwā
0%
Burma 9581 Ramree
0%
Iran 35997 Rāmsar
0%
United Kingdom 17872 Ramsbottom
0%
United States 28070 Ramsey
0%
United States 14722 Ramsey
0%
United Kingdom 8658 Ramsey
0%
United Kingdom 40408 Ramsgate
0%
Iran 25009 Rāmshīr
0%
India 75365 Rānāghāt
0%
Indonesia 8735 Ranai
0%
India 46018 Rānāvāv
0%
India 18907 Ranbīrsinghpura
0%
Chile 231370 Rancagua
0%
Brazil 28588 Rancharia
0%
Philippines 21559 Rancheria Payau
0%
India 1073440 Rānchi
0%
Dominican Republic 10299 Rancho Arriba
0%
United States 80656 Rancho Cordova
0%
Nicaragua 26223 Rancho Grande
0%
United States 17375 Rancho Mirage
0%
United States 11355 Rancho Mission Viejo
0%
United States 41259 Rancho Palos Verdes
0%
Argentina 10319 Ranchos
0%
United States 22264 Rancho San Diego
0%
United States 47257 Rancho Santa Margarita
0%
Cuba 50708 Ranchuelo
0%
Norway 11671 Randaberg
0%
United States 35975 Randallstown
0%
Italy 10186 Randazzo
0%
South Africa 337053 Randburg
0%
South Africa 80492 Randfontein
0%
India 101667 Rāneswar
0%
India 9987 Rangamāti
0%
India 24847 Rangāpāra
0%
Bangladesh 1031388 Rangapukur
0%
India 9375 Rangāpuram
0%
India 10049 Rangasamudram
0%
India 9727 Rangasamudram
0%
Pakistan 55057 Rangewala
0%
Indonesia 144733 Rangkasbitung
0%
Burma 6874000 Rangoon
0%
Bangladesh 294265 Rangpur
0%
India 19203 Rangra
0%
Germany 11846 Rangsdorf
0%
India 8814 Rangvāsa
0%
India 8632 Rangwāsa
0%
India 106406 Rānībennur
0%
India 9500 Rānigaon
0%
Kosovo 5800 Ranillug
0%
India 62360 Rānipet
0%
Pakistan 40000 Ranipur
0%
India 8572 Rāni Sāgar
0%
India 8758 Rāni Sāwargaon
0%
India 16007 Rāni Shakarpura
0%
India 206831 Rānīwāra Kalān
0%
Iraq 257577 Rāniyah
0%
India 8802 Ranjal
0%
India 20000 Rankhandi
0%
North Macedonia 744 Rankovce
0%
Austria 11855 Rankweil
0%
India 8746 Ranod
0%
Madagascar 16041 Ranohira
0%
Madagascar 14672 Ranomafana
0%
Madagascar 11000 Ranomafana
0%
Madagascar 9705 Ranomafana
0%
Madagascar 19000 Ranomena
0%
Thailand 16163 Ranong
0%
Madagascar 9000 Ranopiso
0%
India 30000 Rānpur
0%
Haiti 18197 Ranquitte
0%
India 12468 Rānranagudipeta
0%
Indonesia 16245 Ransiki
0%
Belgium 19187 Ranst
0%
Madagascar 20000 Rantabe
0%
Indonesia 175960 Rantau Prapat
0%
Indonesia 43123 Rantepao
0%
United States 12515 Rantoul
0%
Japan 17954 Ranzan
0%
India 8558 Raonta
0%
Italy 29103 Rapallo
0%
India 10131 Rāparla
0%
Estonia 5132 Rapla
0%
Brazil 16279 Raposos
0%
Indonesia 27116 Rappang
0%
Switzerland 26995 Rapperswil-Jona
0%
India 44424 Rāpūr
0%
Philippines 36151 Rapu-Rapu
0%
Colombia 13588 Ráquira
0%
India 27539 Rardhu
0%
United States 23957 Raritan
0%
India 29583 Rārōtt
0%
Tajikistan 8998 Rarz
0%
Iran 10115 Rāsak
0%
Syria 29347 Ra’s al ‘Ayn
0%
Saudi Arabia 78691 Ra’s al Khafjī
0%
United Arab Emirates 115949 Ra’s al Khaymah
0%
Syria 8520 Ra’s al Ma‘arrah
0%
India 13038 Rasauli
0%
India 11165 Rasaunk
0%
Maldives 1000 Rasdhoo
0%
Lesotho 10519 Rasebetsane
0%
Lithuania 9686 Raseiniai
0%
Egypt 8635 Râs el-Barr
0%
Algeria 18644 Râs el Ma
0%
Lebanon 10000 Râs el Metn
0%
Morocco 15949 Ras el Oued
0%
Morocco 13299 Ras El Oued
0%
Algeria 51482 Râs el Oued
0%
Egypt 100000 Ra’s Ghārib
0%
Iran 679995 Rasht
0%
Tajikistan 9800 Rasht
0%
India 26279 Rasiāri
0%
India 11973 Rāsingapuram
0%
India 88584 Rāsipuram
0%
India 16486 Rāsivarai Tottam
0%
Romania 15920 Râşnov
0%
India 9427 Rāsol
0%
India 15374 Raspur Patasia
0%
India 29263 Rasrā
0%
Tunisia 31574 Rass el Djebel
0%
Russia 47644 Rasskazovo
0%
Saudi Arabia 62314 Ras Tanura
0%
Germany 51800 Rastatt
0%
Germany 23247 Rastede
0%
India 11825 Rasūlpur
0%
India 14658 Rasulpur Dhuria
0%
India 71124 Ratangarh
0%
India 9245 Ratangarh
0%
India 187573 Ratanpur
0%
India 19838 Ratanpur
0%
India 11831 Ratanpur
0%
India 8864 Ratanpur
0%
Lesotho 26582 Ratau
0%
India 10294 Ratauli
0%
Morocco 14944 Ratba
0%
Thailand 36169 Ratchaburi
0%
Germany 15353 Ratekau
0%
India 65056 Rāth
0%
United States 10133 Rathdrum
0%
Germany 24918 Rathenow
0%
Ireland 23276 Rathfarnham
0%
Ireland 10077 Ráth Tó
0%
Germany 87513 Ratingen
0%
India 273892 Ratlām
0%
India 10326 Ratnagiri
0%
India 327120 Ratnāgiri
0%
India 9584 Ratnahalli
0%
Nepal 69851 Ratnanagar
0%
Nepal 35396 Ratnapur
0%
Sri Lanka 165998 Ratnapura
0%
India 13293 Ratnāpuram
0%
Ukraine 9577 Ratne
0%
Pakistan 81935 Ratodero
0%
Thailand 17257 Rattaphum
0%
India 11702 Rattihalli
0%
Germany 14552 Ratzeburg
0%
Malaysia 91731 Raub
0%
Germany 11594 Raubling
0%
Argentina 14434 Rauch
0%
Chile 9543 Rauco
0%
Germany 8727 Rauenberg
0%
Brazil 23423 Raul Soares
0%
United Kingdom 10391 Raunds
0%
Germany 16564 Raunheim
0%
India 600000 Raurkela
0%
India 8791 Rautara
0%
Iran 24527 Ravānsar
0%
Italy 10349 Ravanusa
0%
Bolivia 20536 Ravelo
0%
Belgium 14871 Ravels
0%
Germany 51788 Ravensburg
0%
Australia 350 Ravensthorpe
0%
Slovenia 7363 Ravne na Koroškem
0%
India 23142 Ravulapalem
0%
India 10784 Ravutulapūdi
0%
Iraq 19629 Rāwah
0%
Indonesia 114869 Rawajaya
0%
Poland 16429 Rawa Mazowiecka
0%
Iraq 95089 Rawānduz
0%
India 51965 Rāwatbhāta
0%
India 35102 Rāwatsār
0%
Canada 10416 Rawdon
0%
Poland 20305 Rawicz
0%
United Kingdom 18498 Rawmarsh
0%
Argentina 24616 Rawson
0%
United Kingdom 23000 Rawtenstall
0%
India 125210 Raxaul
0%
Guatemala 40094 Raxruhá
0%
India 91234 Rāyachoti
0%
India 71445 Rāyadrug
0%
India 71208 Rāyagada
0%
India 27537 Rāyamangalam
0%
India 13597 Rāyapalle
0%
India 17575 Rāyappanpatti
0%
India 11604 Rāyavaram
0%
India 10732 Rāybāg
0%
Russia 15860 Raychikhinsk
0%
Yemen 13971 Raydah
0%
Russia 12767 Rayevskiy
0%
Australia 12820 Raymond Terrace
0%
United States 10243 Raymondville
0%
United States 23849 Raymore
0%
United Kingdom 9738 Raynes Park
0%
United States 15273 Raynham
0%
United States 29593 Raytown
0%
India 60188 Rāzampeta
0%
Iran 14275 Razan
0%
Serbia 9150 Ražanj
0%
Slovenia 141 Razkrižje
0%
Bulgaria 12232 Razlog
0%
India 13597 Rāzole
0%
Burma 12265 Razua
0%
Vietnam 250660 Rạch Giá
0%
United States 16213 Readington
0%
Brazil 19247 Realeza
0%
Equatorial Guinea 10000 Rebola
0%
Portugal 9106 Rebordosa
0%
Brazil 14514 Rebouças
0%
Italy 20679 Recanati
0%
Morocco 20469 Reçani
0%
Algeria 19830 Rechaïga
0%
Belarus 65213 Rechytsa
0%
Slovenia 516 Rečica
0%
Germany 111693 Recklinghausen
0%
Argentina 73293 Reconquista
0%
Brazil 10520 Recreio
0%
Argentina 11847 Recreo
0%
Luxembourg 3000 Redange-sur-Attert
0%
United States 12864 Red Bank
0%
United States 11960 Red Bank
0%
United States 10950 Red Bank
0%
United States 14592 Red Bluff
0%
United Kingdom 37073 Redcar
0%
Zimbabwe 41526 Redcliff
0%
India 9873 Reddigūdem
0%
India 8749 Reddipalle
0%
India 9662 Reddippatti
0%
United Kingdom 28052 Reddish
0%
United Kingdom 81919 Redditch
0%
India 8541 Reddiyapatti
0%
Brazil 85597 Redenção
0%
Brazil 27214 Redenção
0%
Brazil 9738 Redentora
0%
United States 16480 Red Hill
0%
United Kingdom 18163 Redhill
0%
United States 11062 Red Hook
0%
United States 18976 Redland
0%
United States 72985 Redlands
0%
United States 8771 Redlands
0%
Australia 8645 Redlynch
0%
United States 75721 Redmond
0%
United States 35161 Redmond
0%
United States 15909 Red Oak
0%
Spain 29192 Redondela
0%
United States 69814 Redondo Beach
0%
United Kingdom 15169 Redruth
0%
United States 16660 Red Wing
0%
United States 82423 Redwood City
0%
United States 25446 Reedley
0%
United States 10060 Reedsburg
0%
Germany 21452 Rees
0%
Netherlands 13296 Reeuwijk
0%
Netherlands 8560 Reeuwijksebrug
0%
Mexico 29018 Reforma
0%
Mozambique 1210 Regedor Quissico
0%
Mozambique 10391 Regedor Zavala
0%
Brazil 17133 Regeneração
0%
Switzerland 18253 Regensdorf
0%
Brazil 20145 Regente Feijó
0%
Morocco 12521 Reggada
0%
Algeria 20402 Reggane
0%
Italy 16485 Reggello
0%
Italy 170951 Reggio di Calabria
0%
Italy 169545 Reggio Emilia
0%
Italy 9161 Reggiolo
0%
Algeria 66215 Reghaïa
0%
Colombia 10489 Regidor
0%
Canada 226404 Regina
0%
Brazil 53752 Registro
0%
Cuba 44185 Regla
0%
Portugal 10828 Reguengos de Monsaraz
0%
Algeria 40367 Reguiba
0%
India 10000 Reha Mota
0%
Germany 9366 Rehau
0%
Germany 10188 Rehburg-Loccum
0%
India 30329 Rehli
0%
Germany 14305 Rehlingen-Siersburg
0%
Namibia 28843 Rehoboth
0%
United States 12809 Rehoboth
0%
Israel 132671 Reẖovot
0%
India 12859 Rehti
0%
Germany 8688 Reichenbach an der Fils
0%
Germany 20273 Reichenbach/Vogtland
0%
United States 14547 Reidsville
0%
United Kingdom 22123 Reigate
0%
Switzerland 19144 Reinach
0%
Philippines 27900 Reina Mercedes
0%
Philippines 27900 Reina Mercedes Viejo
0%
Germany 28579 Reinbek
0%
Germany 9023 Reinfeld
0%
Germany 16729 Reinheim
0%
Spain 8566 Reinosa
0%
Germany 10572 Reiskirchen
0%
United States 27764 Reisterstown
0%
South Africa 20183 Reitz
0%
Tunisia 11410 Rejiche
0%
Serbia 10971 Rekovac
0%
India 14559 Relangi
0%
Algeria 130094 Relizane
0%
Germany 14840 Rellingen
0%
India 9581 Rellivalasa
0%
Tunisia 10173 Remada
0%
Germany 17387 Remagen
0%
Brazil 40586 Remanso
0%
Algeria 31837 Remchi
0%
Cuba 45621 Remedios
0%
Colombia 32057 Remedios
0%
Argentina 81465 Remedios de Escalada
0%
Luxembourg 4015 Remich
0%
Brazil 19798 Remígio
0%
Taiwan 15670 Renai
0%
Chile 9850 Renaico
0%
Pakistan 100054 Renala Khurd
0%
India 11596 Renāpur
0%
Chile 133518 Renca
0%
China 32942 Rencun
0%
United States 15894 Rendon
0%
Switzerland 20927 Renens
0%
United Kingdom 21854 Renfrew
0%
India 11460 Rengāli
0%
Malaysia 47510 Rengam
0%
Chile 55757 Rengo
0%
India 26031 Renigunta
0%
South Sudan 69079 Renk
0%
Netherlands 31417 Renkum
0%
Germany 18655 Renningen
0%
China 816401 Renqiu
0%
United States 9247 Rensselaer
0%
India 16523 Rentachintala
0%
India 68000 Renukūt
0%
India 17437 Reota
0%
India 26359 Reoti
0%
India 8508 Repala
0%
India 50866 Repalle
0%
Paraguay 9774 Repatriación
0%
Colombia 22196 Repelón
0%
Canada 86100 Repentigny
0%
United States 19233 Republic
0%
Peru 25313 Requena
0%
Spain 20740 Requena
0%
Chile 26089 Requínoa
0%
Brazil 18606 Reriutaba
0%
Turkey 9795 Reşadiye
0%
Italy 9392 Resana
0%
Italy 14204 Rescaldina
0%
North Macedonia 17000 Resen
0%
Brazil 125214 Resende
0%
Portugal 11364 Resende
0%
Brazil 11230 Resende Costa
0%
Brazil 24573 Reserva
0%
Ukraine 9021 Reshetylivka
0%
China 12461 Reshuijie
0%
Argentina 298611 Resistencia
0%
Romania 83324 Reşiţa
0%
Brazil 17226 Resplendor
0%
Brazil 14939 Restinga Sêca
0%
United States 63542 Reston
0%
Colombia 17610 Restrepo
0%
Colombia 16227 Restrepo
0%
Guatemala 109935 Retalhuleu
0%
Germany 9231 Rethen
0%
Greece 24893 Réthymno
0%
Belgium 11240 Retie
0%
Chile 18754 Retiro
0%
Colombia 16974 Retiro
0%
Brazil 13651 Retirolândia
0%
Brazil 13651 Retirolândia
0%
India 10117 Rettanai
0%
Germany 118528 Reutlingen
0%
Iran 12355 Reẕvānshahr
0%
Russia 59521 Revda
0%
France 9686 Revel
0%
India 39039 Revelganj
0%
United States 59933 Revere
0%
Slovakia 11484 Revúca
0%
India 15041 Revūr
0%
India 236519 Rewa
0%
India 8882 Rewāhi
0%
India 143021 Rewāri
0%
India 10707 Rewtith
0%
United States 39589 Rexburg
0%
Turkey 108092 Reyhanlı
0%
United States 41032 Reynoldsburg
0%
Mexico 589466 Reynosa
0%
Latvia 26131 Rēzekne
0%
Russia 36226 Rezh
0%
Moldova 11032 Rezina
0%
Italy 13337 Rezzato
0%
Tunisia 10530 Rhar el Melah
0%
Germany 49849 Rheda-Wiedenbrück
0%
Germany 11365 Rheinau
0%
Germany 27238 Rheinbach
0%
Germany 31096 Rheinberg
0%
Switzerland 13528 Rheinfelden
0%
Germany 33849 Rheinfelden (Baden)
0%
Netherlands 20203 Rhenen
0%
Tunisia 28051 Rhennouch
0%
Germany 14389 Rheydt
0%
United Kingdom 9380 Rhosllanerchrugog
0%
United Kingdom 8545 Rhymney
0%
Germany 18578 Rhynern
0%
Brazil 21642 Riachão das Neves
0%
Brazil 18313 Riachão do Dantas
0%
Brazil 33386 Riachão do Jacuípe
0%
Brazil 18142 Riacho das Almas
0%
Brazil 30711 Riacho de Santana
0%
Brazil 8756 Riacho dos Machados
0%
Brazil 10940 Rialma
0%
United States 103866 Rialto
0%
Italy 10322 Riano
0%
Spain 10748 Rianxo
0%
Spain 9978 Ribadeo
0%
Brazil 23150 Ribas do Rio Pardo
0%
Portugal 13375 Ribeira Brava
0%
Cabo Verde 8000 Ribeira Brava
0%
Brazil 54010 Ribeira do Pombal
0%
Portugal 32112 Ribeira Grande
0%
Cabo Verde 2950 Ribeira Grande
0%
Brazil 33507 Ribeirão
0%
Brazil 10989 Ribeirão Bonito
0%
Brazil 18627 Ribeirão Branco
0%
Brazil 12364 Ribeirão Claro
0%
Brazil 329794 Ribeirão das Neves
0%
Brazil 9740 Ribeirão do Largo
0%
Brazil 13060 Ribeirão do Pinhal
0%
Brazil 115559 Ribeirão Pires
0%
Brazil 504923 Ribeirão Prêto
0%
Brazil 13841 Ribeiro do Amparo
0%
Brazil 17033 Ribeirópolis
0%
Italy 17836 Ribera
0%
Bolivia 99070 Riberalta
0%
Slovenia 3612 Ribnica
0%
Slovenia 404 Ribnica
0%
Moldova 56988 Rîbniţa
0%
Germany 15729 Ribnitz-Damgarten
0%
Czechia 16955 Říčany
0%
Colombia 18067 Ricaurte
0%
Ecuador 14006 Ricaurte
0%
Colombia 12881 Ricaurte
0%
Italy 34400 Riccione Marina
0%
United States 9030 Rice Lake
0%
United States 118269 Richardson
0%
Senegal 90000 Richard-Toll
0%
United States 61912 Richland
0%
United States 13958 Richland
0%
United States 12136 Richland
0%
United States 11836 Richland
0%
United States 10677 Richmond Heights
0%
United States 9489 Richmond Heights
0%
United States 9179 Richmond Heights
0%
Canada 202022 Richmond Hill
0%
United States 17408 Richmond Hill
0%
United States 35988 Richmond West
0%
Germany 8701 Richterich
0%
Switzerland 13407 Richterswil
0%
United States 12576 Richton Park
0%
United Kingdom 23973 Rickmansworth
0%
Kazakhstan 49695 Ridder
0%
Netherlands 46671 Ridderkerk
0%
Canada 10207 Rideau Lakes
0%
United States 28138 Ridgecrest
0%
United States 12576 Ridgefield
0%
United States 11439 Ridgefield
0%
United States 13167 Ridgefield Park
0%
United States 24548 Ridgeland
0%
United States 26076 Ridgewood
0%
United States 30822 Ridley
0%
South Africa 11268 Riebeeckstad
0%
Austria 11903 Ried im Innkreis
0%
France 12154 Riedisheim
0%
Germany 11271 Riedlingen
0%
Germany 14331 Riegelsberg
0%
Switzerland 21448 Riehen
0%
Germany 12307 Rielasingen-Worblingen
0%
Belgium 16665 Riemst
0%
Italy 10502 Riesi
0%
Lithuania 3253 Rietavas
0%
Germany 30461 Rietberg
0%
Italy 45276 Rieti
0%
India 19359 Rifādpur
0%
United States 10466 Rifle
0%
Japan 35521 Rifu
0%
Italy 10135 Rignano Flaminio
0%
Italy 8504 Rignano sull’Arno
0%
Netherlands 16800 Rijen
0%
Belgium 11932 Rijkevorsel
0%
Netherlands 55220 Rijswijk
0%
Japan 18182 Rikuzen-Takata
0%
France 31479 Rillieux-la-Pape
0%
Slovakia 22048 Rimavská Sobota
0%
Germany 8887 Rimbach
0%
Canada 48935 Rimouski
0%
Brazil 9098 Rincão
0%
United States 11152 Rincon
0%
Argentina 364 Rinconada
0%
Chile 12342 Rinconada de Malloa
0%
Spain 52230 Rincón de la Victoria
0%
Mexico 94978 Rincón de Romos
0%
India 26139 Rīngas
0%
Denmark 9975 Ringkøbing
0%
India 12880 Ringnod
0%
Norway 35475 Ringsaker
0%
Denmark 23498 Ringsted
0%
United Kingdom 14618 Ringwood
0%
United States 11600 Ringwood
0%
Brazil 9259 Rinópolis
0%
Germany 25626 Rinteln
0%
Brazil 10261 Rio Acima
0%
Brazil 14025 Rio Azul
0%
Ecuador 177213 Riobamba
0%
Brazil 17530 Rio Bananal
0%
Nicaragua 30785 Río Blanco
0%
Colombia 24139 Rioblanco
0%
Brazil 56276 Rio Bonito
0%
Brazil 364756 Rio Branco
0%
Uruguay 14604 Río Branco
0%
Brazil 37558 Rio Branco do Sul
0%
Guatemala 31303 Río Bravo
0%
Brazil 37601 Rio Brilhante
0%
Chile 16909 Río Bueno
0%
Venezuela 13667 Río Caribe
0%
Brazil 12789 Rio Casca
0%
Cuba 45545 Río Cauto
0%
Brazil 201418 Rio Claro
0%
Brazil 17401 Rio Claro
0%
Trinidad and Tobago 8881 Rio Claro
0%
Argentina 11733 Río Colorado
0%
Brazil 8954 Rio das Flores
0%
Brazil 156491 Rio das Ostras
0%
Brazil 31328 Rio das Pedras
0%
Brazil 13184 Rio de Contas
0%
United States 8938 Rio del Mar
0%
Portugal 47311 Rio de Mouro
0%
Colombia 14041 Río de Oro
0%
Brazil 13146 Rio do Antônio
0%
Brazil 10351 Rio do Fogo
0%
Brazil 10497 Rio do Pires
0%
Brazil 10865 Rio dos Cedros
0%
Brazil 72587 Rio do Sul
0%
Brazil 20009 Rio Formoso
0%
Colombia 14716 Riofrío
0%
Argentina 95796 Río Gallegos
0%
Brazil 191900 Rio Grande
0%
Argentina 98017 Río Grande
0%
Mexico 35050 Río Grande
0%
Dominican Republic 20154 Río Grande
0%
Puerto Rico 12325 Río Grande
0%
United States 15258 Rio Grande City
0%
Brazil 44170 Rio Grande da Serra
0%
Colombia 167865 Ríohacha
0%
Guatemala 23384 Río Hondo
0%
Costa Rica 8742 Río Jiménez
0%
Brazil 10309 Riolândia
0%
Brazil 93927 Rio Largo
0%
United States 16951 Rio Linda
0%
France 18680 Riom
0%
Portugal 21192 Rio Maior
0%
Brazil 18384 Rio Maria
0%
Argentina 2791 Río Mayo
0%
Brazil 37707 Rio Negrinho
0%
Brazil 31324 Rio Negro
0%
Chile 14732 Río Negro
0%
Colombia 135465 Rionegro
0%
Colombia 26243 Rionegro
0%
Italy 12496 Rionero in Vulture
0%
Brazil 11069 Rio Novo do Sul
0%
Brazil 14532 Rio Paranaíba
0%
Brazil 34654 Rio Pardo
0%
Brazil 28271 Rio Pardo de Minas
0%
Brazil 14631 Rio Piracicaba
0%
Brazil 17443 Rio Pomba
0%
Brazil 24936 Rio Preto da Eva
0%
Brazil 35362 Rio Real
0%
France 11034 Riorges
0%
United States 21798 Rio Rico
0%
Dominican Republic 15168 Río San Juan
0%
Argentina 19713 Río Segundo
0%
Costa Rica 10794 Río Segundo
0%
Colombia 62296 Riosucio
0%
Colombia 57220 Riosucio
0%
Argentina 46421 Río Tercero
0%
Portugal 50713 Rio Tinto
0%
Brazil 24581 Rio Tinto
0%
Brazil 225696 Rio Verde
0%
Mexico 69613 Rioverde
0%
Dominican Republic 33809 Río Verde Arriba
0%
Brazil 19818 Rio Verde de Mato Grosso
0%
Brazil 12635 Rio Vermelho
0%
United States 10002 Rio Vista
0%
Spain 9372 Ripoll
0%
Spain 39269 Ripollet
0%
United Kingdom 16274 Ripon
0%
United States 16117 Ripon
0%
Italy 14007 Riposto
0%
Pakistan 36653 Risalpur Cantonment
0%
Colombia 9254 Risaralda
0%
United Kingdom 11693 Risca
0%
Moldova 9259 Rîşcani
0%
India 102138 Rishīkesh
0%
India 18665 Rishivandiyam
0%
Israel 249860 Rishon LeẔiyyon
0%
India 124577 Rishra
0%
Uzbekistan 34800 Rishton
0%
India 34136 Risod
0%
France 30283 Ris-Orangis
0%
South Africa 14850 Ritchie
0%
Germany 14942 Ritterhude
0%
Argentina 82582 Rivadavia
0%
Argentina 82582 Rivadavia
0%
Italy 17331 Riva del Garda
0%
Italy 20199 Rivalta di Torino
0%
Italy 12294 Rivarolo Canavese
0%
Nicaragua 41080 Rivas
0%
France 15457 Rive-de-Gier
0%
Uruguay 64465 Rivera
0%
Colombia 22877 Rivera
0%
United States 24881 Riverbank
0%
United States 12024 River Edge
0%
United States 11489 River Forest
0%
United States 10482 River Grove
0%
United States 35826 Riverhead
0%
United States 13170 River Ridge
0%
South Africa 16176 Riversdale
0%
United States 9933 River Vale
0%
United States 107776 Riverview
0%
Canada 20584 Riverview
0%
United States 12269 Riverview
0%
France 9151 Rivesaltes
0%
United States 38032 Riviera Beach
0%
United States 12608 Riviera Beach
0%
Canada 20118 Rivière-du-Loup
0%
Italy 47147 Rivoli
0%
Belgium 22401 Rixensart
0%
France 14125 Rixheim
0%
Philippines 70196 Rizal
0%
Philippines 40429 Rizal
0%
Philippines 19554 Rizal
0%
Philippines 19077 Rizal
0%
Philippines 18332 Rizal
0%
Philippines 15052 Rizal
0%
Virgin Islands, British 12603 Road Town
0%
France 35364 Roanne
0%
United States 15024 Roanoke Rapids
0%
Honduras 5070 Roatán
0%
Iran 105393 Robāţ Karīm
0%
Algeria 21965 Robbah
0%
United States 14318 Robbinsdale
0%
United States 15432 Robbinsville
0%
India 36689 Robertsganj
0%
India 207350 Robertsonpet
0%
Liberia 3933 Robertsport
0%
United States 11859 Robertsville
0%
Canada 10227 Roberval
0%
Philippines 79492 Robles
0%
Bolivia 10098 Roboré
0%
United States 10222 Robstown
0%
Ecuador 10574 Rocafuerte
0%
Peru 40 Rocafuerte
0%
Brazil 10418 Roca Sales
0%
Chile 8860 Rocas de Santo Domingo
0%
Italy 17512 Rocca di Papa
0%
Italy 8706 Roccapiemonte
0%
Italy 12040 Rocca Priora
0%
Italy 8747 Roccastrada
0%
Uruguay 25422 Rocha
0%
Haiti 16727 Roche-à-Bateau
0%
Australia 15228 Rochedale
0%
France 23188 Rochefort
0%
Belgium 12554 Rochefort
0%
France 9853 Roche-la-Molière
0%
United States 9477 Rochelle
0%
United States 76086 Rochester Hills
0%
United Kingdom 9889 Rochford
0%
United States 25810 Rockaway
0%
United States 9463 Rockcreek
0%
United States 8683 Rock Falls
0%
United Kingdom 14298 Rock Ferry
0%
United States 17709 Rockland
0%
Canada 13625 Rockland
0%
United States 28279 Rockledge
0%
United States 72340 Rocklin
0%
United States 23229 Rock Springs
0%
United States 67218 Rockville
0%
United States 25770 Rockville Centre
0%
United States 49605 Rockwall
0%
United States 8834 Rockwood
0%
United States 13931 Rocky Point
0%
United States 21490 Rocky River
0%
Cuba 32719 Rodas
0%
India 10164 Roddam
0%
Brazil 12757 Rodeio
0%
Brazil 8664 Rodeiro
0%
Brazil 10308 Rodelas
0%
Germany 11331 Rodenbach
0%
Germany 12947 Rödental
0%
United States 8735 Rodeo
0%
Argentina 2625 Rodeo
0%
France 24136 Rodez
0%
Germany 46683 Rodgau
0%
Germany 9889 Rödinghausen
0%
Mexico 31006 Rodolfo Sánchez Taboada
0%
Greece 56969 Ródos
0%
Philippines 443954 Rodriguez
0%
Ukraine 9850 Rodynske
0%
Australia 700 Roebourne
0%
Netherlands 10070 Roelofarendsveen
0%
Netherlands 57308 Roermond
0%
Belgium 64495 Roeselare
0%
United States 11327 Roessleville
0%
Germany 8765 Roetgen
0%
Slovenia 5082 Rogaška Slatina
0%
Slovenia 2946 Rogašovci
0%
Slovenia 1540 Rogatec
0%
Bosnia and Herzegovina 10723 Rogatica
0%
United States 71411 Rogers
0%
United States 13405 Rogers
0%
United Kingdom 10158 Rogerstone
0%
Tajikistan 44100 Roghun
0%
France 12335 Rognac
0%
Poland 10959 Rogoźno
0%
India 18526 Rohār
0%
United States 44461 Rohnert Park
0%
Pakistan 69920 Rohri
0%
India 374292 Rohtak
0%
Thailand 34229 Roi Et
0%
France 23521 Roissy-en-Brie
0%
Spain 17162 Rojales
0%
Tajikistan 32152 Rokhaty
0%
Poland 9393 Rokietnica
0%
Lithuania 11606 Rokiškis
0%
Japan 10099 Rokkasho
0%
Japan 10473 Rokunohe
0%
Sierra Leone 12744 Rokupr
0%
Czechia 14386 Rokycany
0%
Ukraine 10938 Rokytne
0%
Brazil 67383 Rolândia
0%
Brazil 21253 Rolante
0%
Argentina 14113 Roldán
0%
Colombia 33697 Roldanillo
0%
United States 10200 Rolesville
0%
Brazil 56406 Rolim de Moura
0%
New Zealand 16350 Rolleston
0%
United States 23981 Rolling Meadows
0%
France 35314 Romainville
0%
Argentina 9237 Romang
0%
Italy 20575 Romano di Lombardia
0%
Switzerland 11167 Romanshorn
0%
France 33139 Romans-sur-Isère
0%
France 9534 Rombas
0%
Philippines 40554 Romblon
0%
United States 40996 Romeoville
0%
United Kingdom 122854 Romford
0%
United Kingdom 10900 Romiley
0%
France 14751 Romilly-sur-Seine
0%
Tajikistan 15440 Romit
0%
Mexico 65766 Romita
0%
Uzbekistan 14300 Romitan Shahri
0%
Germany 13688 Rommerskirchen
0%
Ukraine 37765 Romny
0%
India 10131 Rompicherla
0%
India 8679 Rompicherla
0%
United Kingdom 14442 Romsey
0%
United States 24951 Romulus
0%
Italy 14613 Roncade
0%
Brazil 11251 Roncador
0%
Italy 103607 Roncaglia
0%
Italy 11780 Ronchi dei Legionari
0%
France 19436 Ronchin
0%
France 13873 Roncq
0%
Brazil 9777 Ronda Alta
0%
Brazil 53143 Rondon do Pará
0%
India 51247 Rongat
0%
China 826000 Rongjiawan
0%
Thailand 12553 Rong Kwang
0%
China 92601 Rongwo
0%
United States 18368 Ronkonkoma
0%
Sweden 12029 Ronneby
0%
Germany 24505 Ronnenberg
0%
South Africa 326416 Roodepoort
0%
Netherlands 77200 Roosendaal
0%
United States 19636 Roosevelt
0%
India 56000 Ropar
0%
Latvia 1681 Ropaži
0%
Poland 15815 Ropczyce
0%
France 15006 Roquebrune-sur-Argens
0%
Argentina 10902 Roque Pérez
0%
Spain 109204 Roquetas de Mar
0%
France 8823 Roquevaire
0%
Switzerland 9439 Rorschach
0%
Norway 3226 Rørvik
0%
Philippines 66711 Rosales
0%
United States 20835 Rosamond
0%
Argentina 26174 Rosario de la Frontera
0%
Argentina 21592 Rosario de Lerma
0%
Argentina 12801 Rosario del Tala
0%
El Salvador 11377 Rosario de Mora
0%
Brazil 9295 Rosário do Catete
0%
Brazil 36630 Rosário do Sul
0%
Brazil 15453 Rosário Oeste
0%
Italy 14369 Rosarno
0%
United States 12206 Rosaryville
0%
Spain 20362 Rosas
0%
Colombia 13302 Rosas
0%
Ecuador 31120 Rosa Zarate
0%
Germany 13199 Rosbach vor der Höhe
0%
United States 10881 Roscoe
0%
Ireland 6555 Ros Comáin
0%
Germany 12310 Rosdorf
0%
Dominica 14725 Roseau
0%
Haiti 28811 Roseaux
0%
Mauritius 12799 Rose Belle
0%
United States 23773 Roseburg
0%
United States 20845 Rosedale
0%
United States 19325 Rosedale
0%
United States 21484 Rose Hill
0%
Brazil 10832 Roseira
0%
United States 22731 Roselle
0%
United States 22455 Roselle
0%
United States 13965 Roselle Park
0%
Philippines 43575 Roseller Lim
0%
United States 50340 Rosemead
0%
Canada 14090 Rosemère
0%
United States 23448 Rosemont
0%
United States 26509 Rosemount
0%
France 18272 Rosendaël
0%
Italy 25501 Roseto degli Abruzzi
0%
Egypt 125778 Rosetta
0%
United States 152438 Roseville
0%
United States 47240 Roseville
0%
United States 35905 Roseville
0%
Russia 20875 Roshal
0%
Israel 56300 Rosh Ha‘Ayin
0%
Italy 30083 Rosignano Marittimo
0%
Romania 22294 Roşiori de Vede
0%
Nicaragua 22723 Rosita
0%
Russia 43592 Roslavl
0%
United States 10150 Roslyn
0%
Netherlands 31219 Rosmalen
0%
France 45947 Rosny-sous-Bois
0%
Italy 20577 Rosolini
0%
North Macedonia 2553 Rosoman
0%
Germany 29206 Rösrath
0%
Italy 36598 Rossano
0%
Senegal 11588 Ross-Bétio
0%
Germany 13025 Roßdorf
0%
United Kingdom 13910 Rossington
0%
United States 11895 Rossmoor
0%
Mauritania 51026 Rosso
0%
United Kingdom 10990 Ross on Wye
0%
Russia 60879 Rossosh
0%
Germany 9963 Roßtal
0%
United States 15088 Rossville
0%
Iran 13746 Rostamābād
0%
Iran 11686 Rostam Kolā
0%
United States 11405 Rostraver
0%
North Macedonia 872 Rostuša
0%
Romania 16189 Roşu
0%
United States 92577 Roswell
0%
United States 47823 Roswell
0%
United Kingdom 13780 Rosyth
0%
Germany 14020 Rotenburg an der Fulda
0%
Germany 12565 Röthenbach an der Pegnitz
0%
Germany 11385 Rothenburg ob der Tauber
0%
Switzerland 9121 Rothrist
0%
United Kingdom 20354 Rothwell
0%
United Kingdom 8621 Rothwell
0%
United States 10312 Rotonda
0%
Belgium 16678 Rotselaar
0%
Germany 8616 Rottenburg an der Laaber
0%
Italy 12206 Rottofreno
0%
Algeria 25399 Rouached
0%
Czechia 12823 Roudnice nad Labem
0%
Algeria 61984 Rouiba
0%
Algeria 58112 Rouissat
0%
Pakistan 17915 Roulia
0%
United States 18588 Round Lake
0%
United States 252224 Round Lake Beach
0%
United States 124288 Round Rock
0%
India 10350 Rounia
0%
French Guiana 2229 Roura
0%
France 8584 Roussillon
0%
France 8675 Rouvroy
0%
Belgium 9182 Roux
0%
Canada 42313 Rouyn-Noranda
0%
Italy 19277 Rovato
0%
Ukraine 45514 Rovenky
0%
Italy 8695 Roverbella
0%
Italy 39809 Rovereto
0%
Romania 10246 Rovinari
0%
Colombia 20255 Rovira
0%
United States 46787 Rowland Heights
0%
United States 64139 Rowlett
0%
United Kingdom 50257 Rowley Regis
0%
Costa Rica 16790 Roxana
0%
Philippines 69624 Roxas
0%
Philippines 65839 Roxas
0%
Philippines 58849 Roxas
0%
Philippines 179292 Roxas City
0%
United States 9365 Roxborough Park
0%
United States 23111 Roxbury
0%
United States 13687 Royal Kunia
0%
United Kingdom 50699 Royal Leamington Spa
0%
United States 57880 Royal Oak
0%
United States 39089 Royal Palm Beach
0%
United Kingdom 57772 Royal Tunbridge Wells
0%
United Kingdom 13571 Royal Wootton Bassett
0%
France 19322 Royan
0%
Norway 22635 Røyken
0%
United States 17357 Royse City
0%
United Kingdom 17444 Royston
0%
United Kingdom 10728 Royston
0%
United Kingdom 21284 Royton
0%
Montenegro 13608 Rožaje
0%
Ukraine 17441 Rozdilna
0%
Ukraine 12483 Rozhyshche
0%
Slovakia 17569 Rožňava
0%
Czechia 16151 Rožnov pod Radhoštěm
0%
Czechia 9034 Roztoky
0%
Italy 41240 Rozzano
0%
Albania 8803 Rrëshen
0%
Russia 37850 Rtishchevo
0%
Uganda 12000 Rubanda
0%
Italy 16856 Rubano
0%
Tanzania 17020 Rubeho
0%
Rwanda 40337 Rubengera
0%
Brazil 19788 Rubiataba
0%
Italy 14680 Rubiera
0%
Brazil 10298 Rubim
0%
Côte d’Ivoire 32775 Rubino
0%
Uganda 8204 Rubirizi
0%
Ukraine 55247 Rubizhne
0%
Russia 123379 Rubtsovsk
0%
China 1241700 Rucheng
0%
Netherlands 23080 Rucphen
0%
India 154485 Rudarpur
0%
India 34014 Rūdarpur
0%
India 43091 Rudauli
0%
Iran 28533 Rūdehen
0%
Germany 11319 Rudersberg
0%
Germany 10180 Rüdesheim am Rhein
0%
Tanzania 8747 Rudewa
0%
Kazakhstan 128200 Rudnyy
0%
Germany 24767 Rudolstadt
0%
India 10756 Rudra Nagar
0%
India 11866 Rudrāngi
0%
India 9313 Rudraprayāg
0%
India 8740 Rudravaram
0%
India 12197 Rudrūr
0%
Iran 37998 Rūdsar
0%
France 80842 Rueil-Malmaison
0%
Italy 9353 Ruffano
0%
Argentina 18980 Rufino
0%
Senegal 295459 Rufisque
0%
United Kingdom 70627 Rugby
0%
United Kingdom 17626 Rugeley
0%
Liechtenstein 2295 Ruggell
0%
Rwanda 19792 Ruhango
0%
Rwanda 135000 Ruhengeri
0%
China 613894 Ruiming
0%
United Kingdom 58217 Ruislip
0%
Taiwan 10944 Ruisui
0%
Pakistan 50000 Rukan
0%
India 13539 Rukhāe
0%
Uganda 37200 Rukungiri
0%
China 75900 Rulin
0%
South Sudan 32100 Rumbek
0%
Czechia 10861 Rumburk
0%
Poland 51879 Rumia
0%
France 16082 Rumilly
0%
Japan 20260 Rumoi
0%
Burundi 35931 Rumonge
0%
Malawi 22358 Rumphi
0%
Belgium 15114 Rumst
0%
Kenya 31649 Rumuruti
0%
United Kingdom 61789 Runcorn
0%
Namibia 118632 Rundu
0%
Germany 9518 Runkel
0%
China 9872 Ruoqiang
0%
India 9307 Rupahi
0%
India 10058 Rupāna
0%
India 21186 Rupauli
0%
India 15755 Rūpbās
0%
India 11469 Rupenaguntla
0%
Germany 10619 Ruppichteroth
0%
India 42317 Rupsa
0%
Bolivia 19195 Rurrenabaque
0%
Poland 30093 Rury
0%
Zimbabwe 37906 Rusape
0%
United Kingdom 12406 Rushall
0%
China 464078 Rushan
0%
United Kingdom 31687 Rushden
0%
United States 30074 Ruskin
0%
Brazil 72928 Russas
0%
United States 29057 Russellville
0%
United States 10783 Russellville
0%
India 16123 Rustampur
0%
Georgia 132333 Rustavi
0%
South Africa 549575 Rustenburg
0%
United Kingdom 14255 Rustington
0%
United States 22224 Ruston
0%
Burundi 5865 Rutana
0%
Indonesia 65694 Ruteng
0%
Germany 11194 Rutesheim
0%
Germany 11049 Rüthen
0%
United Kingdom 31190 Rutherglen
0%
Italy 18293 Rutigliano
0%
United States 15747 Rutland
0%
United States 9202 Rutland
0%
Italy 24347 Ruvo di Puglia
0%
Zimbabwe 94083 Ruwa
0%
Brazil 28282 Ruy Barbosa
0%
Burundi 44220 Ruyigi
0%
Burundi 7139 Ruyigi
0%
Russia 15269 Ruza
0%
Russia 9700 Ruzayevka
0%
Slovakia 27407 Ružomberok
0%
Rwanda 18009 Rwamagana
0%
Russia 520509 Ryazan
0%
Russia 20197 Ryazhsk
0%
Poland 133772 Rybnik
0%
Russia 21200 Rybnoye
0%
Czechia 11442 Rychnov nad Kněžnou
0%
United Kingdom 24100 Ryde
0%
United States 9884 Rye Brook
0%
Norway 16145 Rygge
0%
United Kingdom 10484 Ryhope
0%
Poland 9229 Ryki
0%
Russia 14843 Rylsk
0%
Poland 15832 Rypin
0%
Japan 11786 Ryūō
0%
Japan 19756 Ryūyō
0%
Poland 195871 Rzeszów
0%
Russia 55757 Rzhev
0%
No matching quizzes found
Score Distribution
Percent of People with Each Score
Percentile by Number Answered
Your Score History
You have not taken this quiz